Word Ladder: John Lennon Christmas Quiz Stats

 Plays Quiz Updated Mar 19, 2018

Challenge
Share
Tweet
Embed
Score 0/38 Timer 06:00
0 Plays Today
Clue Word % Correct
SONG TITLE (PART 2) -> '(War is ____)'OVER
89.5%
Where a pregnant woman has a bunOVEN
89.5%
Sign of things to comeOMEN
86%
♫ So ____ is Christmas ... ♫♫THIS♫
85.8%
'War is over, if you ____ it'WANT
84.2%
Dog's treatBONE
83.7%
What you do in a queueWAIT
82.5%
Muscat's countryOMAN
79.6%
River curveBEND
79%
Better ____ EzraTHAN
78.2%
Dr. No's foeBOND
76.4%
Wolverine is one, as is CyclopsXMAN
75.4%
Sweat dropletBEAD
75.1%
SONG TITLE (PART 1) -> 'Happy ____'XMAS
74.8%
Not [three rungs previous]THAT
69.9%
Dashiell Hammett's ManTHIN
69.7%
DiminishWANE
69.1%
Affirmative votesYEAS
68.9%
♫ ... ____ over, a new one ... ♫♫YEAR♫
68.4%
Clue Word % Correct
EndureBEAR
64.7%
Emotional lyric poemsODES
64.2%
Celebratory funeralWAKE
64%
Evening meals in BritainTEAS
61.8%
German-Polish border riverODER
61.6%
Shirley MacLaine movie: Guarding ____TESS
60.5%
♫ ... And ____ ... ♫♫WHAT♫
60%
Gold, hematite and cinnabarORES
59.9%
Very, in VersaillesTRES
59.3%
♫ ... ____, Another ... ♫♫DONE♫
58.6%
♫ ... ____ begun ♫♫JUST♫
56.7%
ChallengeTEST
56.6%
Baseball Hall of Famer SpeakerTRIS
56.4%
The littlest bitWHIT
56.2%
Hans Christian Andersen was a famous oneDANE
54.7%
Kevin Kline is a phony president in this movieDAVE
52.2%
Engage in tomfooleryJEST
51.2%
♫ ... ____ you ... ♫♫HAVE♫
47.5%
Food fishHAKE
41.6%

Today's Daily Dose

You're not logged in!

Compare scores with friends on all Sporcle quizzes.
Join for Free
OR
Log In

You Might Also Like...

Show Comments

Extras

Top Quizzes Today


Score Distribution

Your Account Isn't Verified!

In order to create a playlist on Sporcle, you need to verify the email address you used during registration. Go to your Sporcle Settings to finish the process.

Report this User

Report this user for behavior that violates our Community Guidelines.

Details: